Widok standardowy
Widok MARC
Pozycja Personal Name
Liczba rekordów, w których użyto hasła: 1
001 - Numer kontrolny
- control field: 41074
003 - Identyfikator numeru kontrolnego
- control field: NUKAT
005 - Data i czas ostatniej modyfikacji
- control field: 20260430150313.0
008 - Dane kontrolne kodowane (40 znaków)
- fixed length control field: 100706n||a|znnaabn |a aaa |c
010 ## - Numer kontrolny Biblioteki Kongresu
- numer kontrolny LC: n 2010177520
024 7# - OTHER STANDARD IDENTIFIER
- Standard number or code: 166326752
- Source of number or code: viaf
024 7# - OTHER STANDARD IDENTIFIER
- Standard number or code: 0000000113783655
- Source of number or code: isni
040 ## - Instytucja sporządzająca rekord
- inst. przygot. dane do rek. khw: TOR U/DA
- język haseł przedmiotowych/tezaurus: kaba
- inst. wprow. rek. khw: TOR U/DA
099 ## - Sygnatura lokalna
- sygnatura: n (hh)10da956
100 1# - Hasło - nazwa osobowa
- nazwa osobowa w formie ujednoliconej: Zarychta, Michał.
670 ## - Źródło informacji
- źródło informacji: Kp. Odważmy się być wolnymi : teka edukacyjna / Muzeum Historii Polski. - Warszawa, [ca 2009].
- gdzie znaleziono informację: Red.
670 ## - Źródło informacji
- źródło informacji: Str. intern. Muzeum Historii Polski, 6.07.2010,
- adres internetowy: http://www.muzhp.pl/muzeum/zespol-mhp/10/pracownicy
- gdzie znaleziono informację: (pracownik Działu Edukacyjnego)